<?xml version="1.0" encoding="UTF-8"?>
<marc:record xmlns:marc="http://www.loc.gov/MARC21/slim">
   <marc:leader>00000nam a2200000 a 4500</marc:leader>
   <marc:datafield ind1="0" ind2="0" tag="245">
      <marc:subfield code="a">Ferien in der Wildnis</marc:subfield>
   </marc:datafield>
   <marc:datafield ind1="0" ind2="0" tag="245">
      <marc:subfield code="b">Ein bärenstarkes Abenteuer</marc:subfield>
   </marc:datafield>
   <marc:datafield ind1=" " ind2="1" tag="264">
      <marc:subfield code="a">Nortorf</marc:subfield>
      <marc:subfield code="b">Lighthouse Home Entertainment</marc:subfield>
      <marc:subfield code="c">2016</marc:subfield>
   </marc:datafield>
   <marc:datafield ind1="1" ind2=" " tag="490">
      <marc:subfield code="a">9</marc:subfield>
   </marc:datafield>
   <marc:datafield ind1="1" ind2=" " tag="520">
      <marc:subfield code="a">Eine gerade neu zusammengefundene Familie unternimmt einen Ausflug in die Wildnis des nahe gelegenen Grand Canyon. Dort angekommen, machen sich die vier Patchwork-Geschwister, die unterschiedlicher nicht sein könnten, im Alleingang auf die Suche nach einem uralten Relikt. Aber schon bald finden sie sich schlecht ausgerüstet und ohne Orientierung in den weiten Wäldern wieder. Auf sich allein gestellt, müssen sie lernen, sich nicht nur dem unwegsamen Gelände, sondern auch ihren eigenen Gefühlen zu stellen.</marc:subfield>
   </marc:datafield>
   <marc:datafield ind1=" " ind2=" " tag="020">
      <marc:subfield code="a">4250128418669</marc:subfield>
      <marc:subfield code="9">4250128418669</marc:subfield>
   </marc:datafield>
   <marc:datafield ind1="0" ind2=" " tag="490">
      <marc:subfield code="v">0</marc:subfield>
   </marc:datafield>
   <marc:datafield ind1=" " ind2=" " tag="300">
      <marc:subfield code="a">ca. 97 Min.</marc:subfield>
   </marc:datafield>
</marc:record>
